| 000 | 01109nam a2200517 a 4500 | ||
|---|---|---|---|
| 005 | 20140311163002.0 | ||
| 008 | 021105s19uu xx 00 eng d | ||
| 020 | _a071720135X | ||
| 050 |
_aAE 5 _b.En333 2002 |
||
| 245 | _aThe encyclopedia Americana / | ||
| 250 | _aInternational ed. | ||
| 260 |
_aDanbury, Connecticut : _bGrolier, _c2002. |
||
| 300 |
_a897 p. : _bcol. ill. ; _c26 cm. |
||
| 650 | _aEncyclopedia and dictionaries | ||
| 942 |
_cBK _2lcc |
||
| 999 |
_c39234 _d39234 |
||